[Event "XIV MIEDZYNARODOWY FESTIWAL SZACHOWY PER"]
[Site "LAZY"]
[Date "2018.06.29"]
[Round "6.4"]
[White "Krainski, Aleksander"]
[Black "Garbowski, Jakub"]
[Result "1/2-1/2"]
[WhiteElo "2203"]
[BlackElo "2138"]
[PlyCount "75"]
[EventDate "2018.??.??"]

1. e4 c5 2. Nf3 e6 3. d4 cxd4 4. Nxd4 Nf6 5. Nc3 d6 6. Be2 Be7 7. O-O a6 8. f4
Qc7 9. Be3 O-O 10. Bf3 e5 11. Nf5 Bxf5 12. exf5 Nc6 13. Kh1 Rfe8 14. Qd2 Bf8
15. fxe5 Nxe5 16. Nd5 Nxd5 17. Bxd5 Nc4 18. Bxc4 Qxc4 19. f6 Re6 20. b3 Qc6 21.
Rae1 Rae8 22. c3 Qb5 23. Bd4 Qh5 24. Rxe6 Rxe6 25. Qf2 Re2 26. Qf3 Qxf3 27.
gxf3 g6 28. a4 Bh6 29. f4 Re4 30. f5 Bf4 31. a5 Kf8 32. Kg2 Be5 33. Bxe5 Rxe5
34. Rd1 d5 35. fxg6 fxg6 36. c4 dxc4 37. bxc4 Kf7 38. Rd7+ 1/2-1/2

[Event "XIV MIEDZYNARODOWY FESTIWAL SZACHOWY PER"]
[Site "LAZY"]
[Date "2018.06.29"]
[Round "6.5"]
[White "Stachanczyk, Jacek"]
[Black "Majek, Kacper"]
[Result "1/2-1/2"]
[WhiteElo "2223"]
[BlackElo "2034"]
[PlyCount "62"]
[EventDate "2018.??.??"]

1. e4 e5 2. Nf3 Nc6 3. Bb5 a6 4. Bxc6 dxc6 5. O-O Bg4 6. h3 h5 7. d3 Qf6 8. Be3
Bxf3 9. Qxf3 Qxf3 10. gxf3 Bd6 11. Nd2 Ne7 12. Rfb1 g5 13. Kf1 Rg8 14. Ke2 Kd7
15. Rg1 f6 16. c3 c5 17. a3 a5 18. a4 Ng6 19. Nc4 b6 20. Rad1 Nf4+ 21. Bxf4
gxf4 22. Na3 Rab8 23. Nc2 c6 24. Na3 Ke6 25. c4 Bc7 26. Ra1 Rbd8 27. Rad1 Bd6
28. Nb1 Kf7 29. Nc3 Be7 30. Ra1 Ke6 31. Rad1 Rb8 1/2-1/2

[Event "XIV MIEDZYNARODOWY FESTIWAL SZACHOWY PER"]
[Site "LAZY"]
[Date "2018.06.29"]
[Round "6.6"]
[White "Siembab, Bartosz"]
[Black "Czarniecka, Aleksandra"]
[Result "1-0"]
[WhiteElo "2136"]
[BlackElo "1983"]
[PlyCount "129"]
[EventDate "2018.??.??"]

1. d4 Nf6 2. Nf3 g6 3. g3 Bg7 4. Bg2 O-O 5. O-O d6 6. c4 Nc6 7. d5 Nb8 8. Nc3
a5 9. e4 e5 10. Ne1 Na6 11. Nd3 Nd7 12. Be3 Ndc5 13. Nxc5 Nxc5 14. f4 f5 15.
fxe5 Bxe5 16. Bd4 Qf6 17. Bxe5 Qxe5 18. exf5 Bxf5 19. Qd2 Nd3 20. Kh1 Rae8 21.
g4 Nxb2 22. Qxb2 Bxg4 23. Qd2 Bf5 24. Nb5 Qg7 25. Nd4 Kh8 26. Nxf5 Rxf5 27.
Rxf5 Qxa1+ 28. Rf1 Qe5 29. Qxa5 b6 30. Qd2 Kg7 31. h3 h5 32. Qf4 Qxf4 33. Rxf4
Re2 34. Re4 Rxa2 35. Re7+ Kf6 36. Rxc7 Rc2 37. Rc6 Ke5 38. Bf1 Rc1 39. Kg2 Rc2+
40. Kf3 Rc3+ 41. Kf2 Rb3 42. h4 Rb2+ 43. Be2 Rb3 44. Rc7 Rh3 45. Re7+ Kd4 46.
Re6 Kc5 47. Rxg6 Rxh4 48. Rg7 Rh2+ 49. Ke1 Kd4 50. Rg6 Kc5 51. Kd2 h4 52. Rh6
Rh1 53. Ke3 Rh3+ 54. Kf2 Rh2+ 55. Kf1 Rh3 56. Kg2 Rg3+ 57. Kh2 Re3 58. Bf1 Rf3
59. Kg2 Rg3+ 60. Kf2 Rg4 61. Be2 Rd4 62. Ke3 b5 63. Rh8 bxc4 64. Rc8+ Kxd5 65.
Bf3+ 1-0

[Event "XIV MIEDZYNARODOWY FESTIWAL SZACHOWY PER"]
[Site "LAZY"]
[Date "2018.06.29"]
[Round "6.7"]
[White "Niedbala, Bartlomiej"]
[Black "Krainski, Slawomir"]
[Result "1/2-1/2"]
[WhiteElo "1977"]
[BlackElo "2136"]
[PlyCount "90"]
[EventDate "2018.??.??"]

1. Nf3 d5 2. d4 Nf6 3. Bf4 e6 4. e3 Bd6 5. Nbd2 Bxf4 6. exf4 b6 7. c3 O-O 8.
Bd3 Ba6 9. Bxa6 Nxa6 10. Qe2 Nb8 11. Ne5 c5 12. Nb3 Qc7 13. O-O Nbd7 14. Rae1
c4 15. Nd2 b5 16. g4 a5 17. Qf3 b4 18. f5 bxc3 19. bxc3 exf5 20. Qxf5 h6 21. f4
Qc8 22. g5 Nxe5 23. Qxc8 Rfxc8 24. Rxe5 Ng4 25. Re2 Re8 26. Rfe1 Rxe2 27. Rxe2
hxg5 28. fxg5 Rb8 29. Nf1 Rb1 30. h3 Rc1 31. hxg4 Rxc3 32. Re3 Rc1 33. Ra3 Rd1
34. Rxa5 Rxd4 35. Ne3 c3 36. Rc5 Rd3 37. Kf2 Rd2+ 38. Kf3 d4 39. Nf5 c2 40.
Nxd4 Rxd4 41. Rxc2 Kh7 42. Rc6 Ra4 43. g6+ fxg6 44. g5 Rxa2 45. Rc8 Ra4 1/2-1/2

[Event "XIV MIEDZYNARODOWY FESTIWAL SZACHOWY PER"]
[Site "LAZY"]
[Date "2018.06.29"]
[Round "6.8"]
[White "Grzesik, Gracjan"]
[Black "Hrymowicz, Artur"]
[Result "1/2-1/2"]
[WhiteElo "1884"]
[BlackElo "2123"]
[PlyCount "53"]
[EventDate "2018.??.??"]

1. c4 b6 2. Nc3 Bb7 3. d4 Nf6 4. Nf3 e6 5. a3 d5 6. cxd5 exd5 7. Bg5 Be7 8. e3
O-O 9. Bd3 Nbd7 10. Qc2 h6 11. Bf4 Nh5 12. Bg3 c5 13. O-O Nxg3 14. hxg3 Nf6 15.
Ne5 Bd6 16. f4 Qe7 17. Rac1 Nd7 18. Qf2 Rad8 19. Rfe1 Bb8 20. Bb1 Nf6 21. Qf3
Ne4 22. Red1 Rfe8 23. Ba2 Bxe5 24. fxe5 Ng5 25. Qf4 a6 26. Bb1 f6 27. exf6
1/2-1/2

[Event "XIV MIEDZYNARODOWY FESTIWAL SZACHOWY PER"]
[Site "LAZY"]
[Date "2018.06.29"]
[Round "6.9"]
[White "Wacior, Maciej"]
[Black "Buchta, Agnieszka"]
[Result "1/2-1/2"]
[WhiteElo "2110"]
[BlackElo "1810"]
[PlyCount "50"]
[EventDate "2018.??.??"]

1. d4 Nf6 2. Nf3 e6 3. Bf4 c5 4. e3 d5 5. c3 Nc6 6. Bd3 Bd6 7. Bg3 O-O 8. Nbd2
Qe7 9. Ne5 Nd7 10. f4 f6 11. Bxh7+ Kxh7 12. Qh5+ Kg8 13. Ng6 Qe8 14. Nf3 Ne7
15. f5 Nxf5 16. Bxd6 Nxd6 17. O-O Nf5 18. Qh8+ Kf7 19. Qh7 b6 20. g4 Ba6 21.
Rf2 Bd3 22. gxf5 Bxf5 23. Nfh4 Be4 24. Qh5 Rg8 25. Raf1 Nf8 1/2-1/2

[Event "XIV MIEDZYNARODOWY FESTIWAL SZACHOWY PER"]
[Site "LAZY"]
[Date "2018.06.29"]
[Round "6.10"]
[White "Luczak, Filip"]
[Black "Oborski, Artur"]
[Result "0-1"]
[WhiteElo "2044"]
[BlackElo "1801"]
[PlyCount "106"]
[EventDate "2018.??.??"]

1. Nf3 Nf6 2. g3 g6 3. Bg2 Bg7 4. O-O d5 5. d4 O-O 6. c4 dxc4 7. Na3 Nc6 8.
Nxc4 Be6 9. b3 a5 10. Bb2 Bd5 11. Rc1 a4 12. bxa4 Ra6 13. Ne3 Bxa2 14. Ra1 Bd5
15. Nxd5 Nxd5 16. Ne5 Nxe5 17. dxe5 e6 18. Ra3 c6 19. Qa1 Nb6 20. Rc1 Qc7 21.
a5 Nd7 22. f4 Rfa8 23. Bc3 Bf8 24. Ra2 b6 25. Kh1 bxa5 26. Rac2 Rb8 27. Qa4 Nc5
28. Qc4 Rb5 29. Bd4 Rb4 30. Qc3 Nb3 31. Rd1 Nxd4 32. Rxd4 Qb6 33. Rc4 c5 34.
Be4 a4 35. Ra2 Ra7 36. Bd3 Rb3 37. Qc2 a3 38. Rc3 Rxc3 39. Qxc3 Qb4 40. Qc4 Ra4
41. Qc2 c4 42. Be4 Qb3 43. Kg2 Ra7 44. Kh3 Rd7 45. Kg4 Bb4 46. Bd3 Qxc2 47.
Bxc2 Rd2 48. Kf3 Bc5 49. h4 Bd4 50. h5 Bb2 51. Be4 c3 52. Ke3 c2 53. Kxd2 c1=Q+
0-1

[Event "XIV MIEDZYNARODOWY FESTIWAL SZACHOWY PER"]
[Site "LAZY"]
[Date "2018.06.29"]
[Round "6.11"]
[White "Kot, Jerzy"]
[Black "Kruczynski, Marek"]
[Result "1-0"]
[WhiteElo "2028"]
[BlackElo "1731"]
[PlyCount "69"]
[EventDate "2018.??.??"]

1. g3 e5 2. Bg2 h5 3. Nf3 Nc6 4. O-O Bc5 5. Nxe5 Bxf2+ 6. Rxf2 Nxe5 7. e4 Nf6
8. d4 Neg4 9. Rf1 d5 10. exd5 Nxh2 11. Kxh2 h4 12. Kg1 h3 13. Bf3 Nxd5 14. Nc3
c6 15. Nxd5 cxd5 16. Kh2 Be6 17. c3 g5 18. Re1 Qf6 19. Qe2 O-O-O 20. Bd2 Rhg8
21. Rf1 Qg6 22. Rae1 g4 23. Bh1 Qc2 24. Bf4 Qxe2+ 25. Rxe2 b5 26. Rfe1 Kd7 27.
Re5 Kc8 28. Kg1 a6 29. b3 Rd7 30. Rh5 Rgd8 31. Kf2 Re8 32. Bxd5 Rxd5 33. Rxd5
Bxd5 34. Rxe8+ Kd7 35. Rh8 1-0

[Event "XIV MIEDZYNARODOWY FESTIWAL SZACHOWY PER"]
[Site "LAZY"]
[Date "2018.06.29"]
[Round "6.12"]
[White "Madej, Marek"]
[Black "Hilarecki, Grzegorz"]
[Result "0-1"]
[WhiteElo "1786"]
[BlackElo "2023"]
[PlyCount "86"]
[EventDate "2018.??.??"]

1. e4 d6 2. d4 Nf6 3. Nc3 g6 4. Be3 c6 5. h3 b5 6. Bd3 b4 7. Nce2 Nbd7 8. f4
Bg7 9. Nf3 O-O 10. Qd2 c5 11. g4 Qc7 12. g5 Nh5 13. Nc1 c4 14. Be2 Ng3 15. Rg1
Nxe4 16. Qxb4 Nb6 17. Nd2 a5 18. Qa3 Nxd2 19. Bxd2 Bxd4 20. Be3 Bg7 21. Bf3 Bb7
22. Bxb7 Qxb7 23. Ne2 Nd5 24. Bd4 Bxd4 25. Nxd4 Qb4+ 26. c3 Qxa3 27. bxa3 Nxf4
28. Kd2 e5 29. Nc6 Rfe8 30. Rab1 Rac8 31. Nxa5 Nxh3 32. Rg4 d5 33. Rb5 Nf2 34.
Rg2 Ne4+ 35. Kc2 d4 36. Rb4 d3+ 37. Kc1 Nd6 38. Rb6 Re6 39. Rg4 e4 40. Kd1 e3
41. Rd4 Nf5 42. Rxc4 e2+ 43. Ke1 d2+ 0-1

[Event "XIV MIEDZYNARODOWY FESTIWAL SZACHOWY PER"]
[Site "LAZY"]
[Date "2018.06.29"]
[Round "6.13"]
[White "Jarocka, Liwia"]
[Black "Zarebska, Lena"]
[Result "0-1"]
[WhiteElo "1984"]
[BlackElo "1817"]
[PlyCount "92"]
[EventDate "2018.??.??"]

1. e4 c5 2. Nf3 e6 3. d4 cxd4 4. Nxd4 Bc5 5. Nc3 Qb6 6. Na4 Qa5+ 7. c3 Bxd4 8.
Qxd4 Nf6 9. Nc5 O-O 10. Nb3 Qc7 11. Bg5 Nc6 12. Qe3 Ng4 13. Qf3 Nge5 14. Qg3 d6
15. O-O-O a5 16. a3 Rb8 17. f4 Ng6 18. Bd3 f6 19. f5 Nge5 20. Bf4 b5 21. Kd2
exf5 22. exf5 Re8 23. Rhe1 Ba6 24. Bxe5 Nxe5 25. Nd4 Qb7 26. b4 axb4 27. axb4
Qd5 28. Ra1 Nxd3 29. Kxd3 Bb7 30. Ra7 Rbc8 31. Ra3 Re5 32. Qf2 Rce8 33. Rd1
Qc4+ 34. Kd2 Bc8 35. g4 Bb7 36. Qf1 Qd5 37. Kc2 Qe4+ 38. Kb2 Qxg4 39. Rd2 Re1
40. Qxb5 Qe4 41. Rc2 Bd5 42. Ra7 Rg1 43. Ra1 Rxa1 44. Kxa1 Ra8+ 45. Kb1 Qe1+
46. Rc1 Ra1+ 0-1

[Event "XIV MIEDZYNARODOWY FESTIWAL SZACHOWY PER"]
[Site "LAZY"]
[Date "2018.06.29"]
[Round "6.14"]
[White "Koloczek, Maciej"]
[Black "Trybus, Daniel"]
[Result "1/2-1/2"]
[WhiteElo "1961"]
[BlackElo "1793"]
[PlyCount "109"]
[EventDate "2018.??.??"]

1. Nf3 g6 2. g3 Bg7 3. Bg2 d6 4. O-O e5 5. c4 Ne7 6. Nc3 O-O 7. d4 Nbc6 8. e3
f5 9. d5 Nb8 10. b3 Nd7 11. Bb2 a5 12. a3 e4 13. Ne1 b5 14. cxb5 Bb7 15. f3
exf3 16. Bxf3 Ne5 17. Bg2 Kh8 18. Nc2 Qd7 19. Nd4 Bh6 20. Re1 a4 21. Ne6 Rfe8
22. bxa4 Nxd5 23. Nxd5 Rxe6 24. Rc1 Rc8 25. Nf6 Qd8 26. Bxb7 Rb8 27. Bc6 Qxf6
28. Bd4 Bg7 29. Qb3 Re7 30. a5 Qg5 31. Bg2 Rbe8 32. Rf1 Ng4 33. Bxg7+ Kxg7 34.
Qc3+ Kh6 35. e4 fxe4 36. h4 Qxb5 37. Rf4 Qe2 38. Re1 Qd3 39. Qxd3 exd3 40. Rxe7
Rxe7 41. Rxg4 d2 42. Bf3 Re3 43. Bd1 Re1+ 44. Kf2 Rxd1 45. Rd4 Ra1 46. Rxd2
Rxa3 47. Rc2 c5 48. Rd2 Rxa5 49. Rxd6 Kh5 50. Rd5+ Kg4 51. Rg5+ Kh3 52. h5 Ra2+
53. Kf3 Ra3+ 54. Kf2 Ra2+ 55. Kf3 1/2-1/2

[Event "XIV MIEDZYNARODOWY FESTIWAL SZACHOWY PER"]
[Site "LAZY"]
[Date "2018.06.29"]
[Round "6.15"]
[White "Majocha, Piotr"]
[Black "Rogala, Milosz"]
[Result "1/2-1/2"]
[WhiteElo "1902"]
[BlackElo "1707"]
[PlyCount "64"]
[EventDate "2018.??.??"]

1. Nf3 d5 2. d4 Nf6 3. g3 c6 4. Bg2 Bf5 5. O-O e6 6. c4 Be7 7. Nbd2 O-O 8. b3
Nbd7 9. Bb2 h6 10. Ne5 Qc7 11. Ndf3 Nxe5 12. Nxe5 Nd7 13. Nxd7 Qxd7 14. e3 Rfe8
15. Qe2 Bf6 16. Rfd1 Rad8 17. Rac1 a6 18. Bf3 Qe7 19. cxd5 cxd5 20. Qd2 Rc8 21.
Be2 Qd7 22. Ba3 Rxc1 23. Rxc1 Rc8 24. Rxc8+ Qxc8 25. Bd3 Bxd3 26. Qxd3 Qd7 27.
Qc2 Bd8 28. Qc5 Bf6 29. Qf8+ Kh7 30. Kg2 Qc7 31. Qc5 Qxc5 32. Bxc5 Bd8 1/2-1/2

[Event "XIV MIEDZYNARODOWY FESTIWAL SZACHOWY PER"]
[Site "LAZY"]
[Date "2018.06.29"]
[Round "6.16"]
[White "Hasterok, Mateusz"]
[Black "Zelak, Wladyslaw"]
[Result "1/2-1/2"]
[WhiteElo "1837"]
[BlackElo "1779"]
[PlyCount "133"]
[EventDate "2018.??.??"]

1. d4 Nf6 2. c4 g6 3. Nc3 Bg7 4. e4 O-O 5. Nf3 d6 6. h3 e5 7. d5 Nbd7 8. Be2
Nc5 9. Qc2 a5 10. g4 c6 11. Be3 Na6 12. dxc6 bxc6 13. O-O-O Qc7 14. Qd2 Rd8 15.
Nxe5 Be6 16. Nf3 d5 17. cxd5 cxd5 18. e5 Ne4 19. Qd4 Rdc8 20. Bxa6 Rxa6 21. Rd3
Rc6 22. Kc2 Bf8 23. Qa7 Qd8 24. Nd4 R6c7 25. Nxe6 fxe6 26. Qb6 Qe8 27. Qxa5 Bc5
28. Nxe4 Bxe3+ 29. Rc3 Rxc3+ 30. bxc3 dxe4 31. fxe3 Ra8 32. Qb4 Rxa2+ 33. Kb3
Ra8 34. Kc2 Qf7 35. Qb3 Ra7 36. Rd1 Rb7 37. Qc4 Ra7 38. Rf1 Qd7 39. Rf6 Kg7 40.
Rxe6 Ra1 41. Rd6 Qb7 42. Rd1 Rxd1 43. Kxd1 Qb1+ 44. Ke2 Qc2+ 45. Ke1 Qc1+ 46.
Kf2 Qd2+ 47. Qe2 Qxc3 48. e6 Qf6+ 49. Kg3 Qe5+ 50. Kg2 Qxe6 51. Qb2+ Kh6 52.
Qb8 Qf6 53. Qf4+ Kg7 54. Qxe4 Qb2+ 55. Kg3 Qc1 56. Qd4+ Kf7 57. e4 Qa3+ 58. Kg2
Ke6 59. Qd5+ Ke7 60. Qb7+ Kf6 61. Qc6+ Ke7 62. Qc7+ Ke6 63. Qxh7 Qb2+ 64. Kg3
Qc3+ 65. Kf2 Qd2+ 66. Kg3 Qe3+ 67. Kg2 1/2-1/2

[Event "XIV MIEDZYNARODOWY FESTIWAL SZACHOWY PER"]
[Site "LAZY"]
[Date "2018.06.29"]
[Round "6.17"]
[White "Pluta, Natalia"]
[Black "Daliga, Anita"]
[Result "1/2-1/2"]
[WhiteElo "1826"]
[BlackElo "1605"]
[PlyCount "20"]
[EventDate "2018.??.??"]

1. c4 c5 2. g3 g6 3. Bg2 Bg7 4. Nc3 Nc6 5. e3 e6 6. Nge2 Nge7 7. O-O O-O 8. d4
cxd4 9. Nxd4 d5 10. cxd5 Nxd5 1/2-1/2

[Event "XIV MIEDZYNARODOWY FESTIWAL SZACHOWY PER"]
[Site "LAZY"]
[Date "2018.06.29"]
[Round "6.18"]
[White "Syrkiewicz, Michal"]
[Black "Karwacki, Piotr"]
[Result "1/2-1/2"]
[WhiteElo "1799"]
[BlackElo "1828"]
[PlyCount "75"]
[EventDate "2018.??.??"]

1. e4 c5 2. Nf3 Nc6 3. Bb5 Nf6 4. e5 Nd5 5. O-O Qc7 6. Bxc6 Qxc6 7. d4 e6 8. c4
Ne7 9. b3 b6 10. Ba3 Bb7 11. dxc5 bxc5 12. Qd6 Qe4 13. Qd2 Ng6 14. Bb2 Qg4 15.
h3 Qf5 16. Qg5 Qc2 17. Qd2 Qf5 18. Qg5 Qxg5 19. Nxg5 Be7 20. Nf3 Bxf3 21. gxf3
h5 22. Nd2 h4 23. Rfe1 Nf4 24. Ne4 Nxh3+ 25. Kh2 Nf4 26. Rad1 Rh5 27. Nd6+ Bxd6
28. Rxd6 Ng6 29. Re4 Rf5 30. Re3 O-O-O 31. Bc3 Rh8 32. Red3 h3 33. Rxd7 Rg5 34.
Rxa7 Rg2+ 35. Kh1 Rxf2 36. Rdd7 Rf1+ 37. Kh2 Rf2+ 38. Kh1 1/2-1/2

[Event "XIV MIEDZYNARODOWY FESTIWAL SZACHOWY PER"]
[Site "LAZY"]
[Date "2018.06.29"]
[Round "6.19"]
[White "Podgorski, Maciej"]
[Black "Zabron, Maksym"]
[Result "1-0"]
[WhiteElo "1852"]
[BlackElo "1694"]
[PlyCount "77"]
[EventDate "2018.??.??"]

1. e4 c5 2. Nf3 d6 3. d4 cxd4 4. Nxd4 Nf6 5. Nc3 g6 6. Be3 Bg7 7. Bc4 Nc6 8. f3
O-O 9. Qd2 Bd7 10. O-O-O Rc8 11. Bb3 Nxd4 12. Bxd4 b5 13. h4 a5 14. a4 b4 15.
Nd5 Nxd5 16. Bxg7 Kxg7 17. Qxd5 h5 18. g4 Rc5 19. Qd4+ Kh7 20. gxh5 Rxh5 21.
Rdg1 f6 22. f4 d5 23. exd5 Bf5 24. Bc4 Qc7 25. b3 Rd8 26. Re1 Kg7 27. Qe3 Kf8
28. Rh2 Re8 29. Qd4 Qd6 30. Kb2 e5 31. fxe5 fxe5 32. Qa7 Qd8 33. d6 Be6 34.
Rf2+ Rf5 35. Rxf5+ gxf5 36. Rxe5 Qxd6 37. Rxf5+ Kg8 38. Qg1+ Kh7 39. Rh5# 1-0

[Event "XIV MIEDZYNARODOWY FESTIWAL SZACHOWY PER"]
[Site "LAZY"]
[Date "2018.06.29"]
[Round "6.20"]
[White "Wieczorek, Mikolaj"]
[Black "Kindler, Karolina"]
[Result "1-0"]
[WhiteElo "1726"]
[BlackElo "1784"]
[PlyCount "53"]
[EventDate "2018.??.??"]

1. e4 c5 2. Nf3 e6 3. d4 cxd4 4. Nxd4 Nf6 5. Nc3 d6 6. Bd3 Be7 7. Be3 O-O 8.
O-O a6 9. f4 Qc7 10. Kh1 b5 11. g4 Nc6 12. g5 Nd7 13. Qh5 Nxd4 14. Bxd4 e5 15.
f5 g6 16. Qh6 Re8 17. fxg6 fxg6 18. Rf7 Kxf7 19. Qxh7+ Ke6 20. Qxg6+ Nf6 21.
gxf6 Kd7 22. fxe7 Bb7 23. Qf5+ Kxe7 24. Be3 d5 25. exd5 Kd6 26. Qf6+ Re6 27.
Qxe6# 1-0

[Event "XIV MIEDZYNARODOWY FESTIWAL SZACHOWY PER"]
[Site "LAZY"]
[Date "2018.06.29"]
[Round "6.21"]
[White "Majewski, Krzysztof"]
[Black "Sypien, Natan"]
[Result "1/2-1/2"]
[WhiteElo "1695"]
[BlackElo "1774"]
[PlyCount "66"]
[EventDate "2018.??.??"]

1. c4 b6 2. Nc3 Bb7 3. d4 Nf6 4. Nf3 e6 5. Bf4 Be7 6. h3 O-O 7. e3 d5 8. Be2
Nbd7 9. O-O c5 10. Rc1 cxd4 11. exd4 a6 12. b3 Rc8 13. Ne5 dxc4 14. bxc4 Nxe5
15. Bxe5 Bd6 16. f4 Ba3 17. Rc2 Nd7 18. f5 Nxe5 19. dxe5 Qg5 20. Bf3 Qe3+ 21.
Kh1 Rfd8 22. Qe2 Qxe2 23. Bxe2 exf5 24. Rxf5 Bb4 25. Rf4 Rc5 26. Na4 Rxe5 27.
Nxb6 Rde8 28. Bf1 g5 29. Rff2 Bc5 30. Nd7 Bxf2 31. Nxe5 Ba7 32. Nf3 Re3 33. Be2
h6 1/2-1/2

[Event "XIV MIEDZYNARODOWY FESTIWAL SZACHOWY PER"]
[Site "LAZY"]
[Date "2018.06.29"]
[Round "6.23"]
[White "Wojdak, Jan"]
[Black "Krzywnicka, Maria"]
[Result "1/2-1/2"]
[WhiteElo "1712"]
[BlackElo "1845"]
[PlyCount "87"]
[EventDate "2018.??.??"]

1. e4 c5 2. Nf3 d6 3. d4 cxd4 4. Nxd4 Nf6 5. Nc3 a6 6. Be2 e5 7. Nb3 Be7 8. O-O
O-O 9. Re1 Be6 10. Bf3 Nbd7 11. a4 Qc7 12. a5 Rfd8 13. Be3 b5 14. axb6 Nxb6 15.
Bxb6 Qxb6 16. Nd5 Nxd5 17. exd5 Bf5 18. Be4 Bd7 19. g3 f5 20. Bg2 Bf6 21. Qd2
Rdc8 22. Ra3 Rc7 23. Rea1 Bb5 24. Na5 e4 25. c3 Re8 26. Qe3 Qb8 27. Rb3 Qc8 28.
Rb4 Rc5 29. Rd1 Bd3 30. Nb3 Rxd5 31. Nd4 Rde5 32. Rb6 d5 33. Nc6 R5e6 34. Rxd3
Rxc6 35. Rxd5 Rd8 36. Rxc6 Qxc6 37. Rxd8+ Bxd8 38. Qd4 Bf6 39. Qb4 Qb5 40. Qxb5
axb5 41. Bf1 b4 42. cxb4 Bxb2 43. Bc4+ Kf8 44. Kf1 1/2-1/2

[Event "XIV MIEDZYNARODOWY FESTIWAL SZACHOWY PER"]
[Site "LAZY"]
[Date "2018.06.29"]
[Round "6.24"]
[White "Hertlein, Irena"]
[Black "Luberanski, Jakub"]
[Result "1/2-1/2"]
[WhiteElo "1531"]
[BlackElo "1762"]
[PlyCount "126"]
[EventDate "2018.??.??"]

1. d4 Nf6 2. Nf3 g6 3. c4 Bg7 4. g3 O-O 5. Bg2 d6 6. O-O Nc6 7. Nc3 e5 8. d5
Ne7 9. e4 Nd7 10. Ne1 f5 11. Nd3 Nf6 12. Bg5 h6 13. Bxf6 Bxf6 14. f4 exf4 15.
Nxf4 Kh7 16. Kh1 Be5 17. Ne6 Bxe6 18. dxe6 f4 19. gxf4 Bxf4 20. Qg4 g5 21. Nd5
Nxd5 22. exd5 Qf6 23. Qe2 Rae8 24. b4 Kg7 25. a4 Qe5 26. Qxe5+ Bxe5 27. Rab1
Bf4 28. Bf3 Kf6 29. Bh5 Rc8 30. b5 Ke7 31. a5 Rf5 32. Bg6 Rf6 33. Bf7 h5 34.
Rb2 Rh8 35. Rc2 h4 36. h3 Rhh6 37. Ra2 Bg3 38. Rxf6 Rxf6 39. Kg2 Rf4 40. Rc2
Rd4 41. Bh5 Rd3 42. Ra2 Rc3 43. Be2 Bf4 44. a6 b6 45. Bg4 Rxc4 46. Rb2 Rc5 47.
Bf3 Be5 48. Rb1 Rc2+ 49. Kg1 Bh2+ 50. Kf1 Bg3 51. Kg1 Rf2 52. Bg2 Rc2 53. Bf3
Rc5 54. Kg2 Be5 55. Kg1 Bg7 56. Bg2 Be5 57. Bf3 Rc3 58. Kg2 Bg3 59. Bg4 Rc2+
60. Kg1 Bf2+ 61. Kh1 Bg3 62. Kg1 Rc3 63. Kg2 Rc5 1/2-1/2

[Event "XIV MIEDZYNARODOWY FESTIWAL SZACHOWY PER"]
[Site "LAZY"]
[Date "2018.06.29"]
[Round "6.25"]
[White "Dytman, Radoslaw"]
[Black "Wojtas, Julia"]
[Result "1-0"]
[WhiteElo "1722"]
[BlackElo "1483"]
[PlyCount "39"]
[EventDate "2018.??.??"]

1. e4 e6 2. d4 d5 3. exd5 exd5 4. Nf3 Nf6 5. c4 dxc4 6. Bxc4 Bb4+ 7. Nc3 Qe7+
8. Be3 Ne4 9. Qc2 Bf5 10. Bd3 O-O 11. O-O Bxc3 12. bxc3 Nd7 13. Rfe1 h6 14. Ne5
Nxe5 15. dxe5 Qxe5 16. Bd4 Qd6 17. Bxe4 Be6 18. Rad1 Qe7 19. f4 f5 20. Bd5 1-0

[Event "XIV MIEDZYNARODOWY FESTIWAL SZACHOWY PER"]
[Site "LAZY"]
[Date "2018.06.29"]
[Round "6.26"]
[White "Kurcaba, Lukasz"]
[Black "Hampel, Anna"]
[Result "0-1"]
[WhiteElo "1619"]
[BlackElo "1728"]
[PlyCount "52"]
[EventDate "2018.??.??"]

1. e4 c5 2. Nf3 e6 3. d4 cxd4 4. Nxd4 Nc6 5. Be3 Nf6 6. Nxc6 bxc6 7. Bd3 d5 8.
e5 Nd7 9. f4 c5 10. c4 Bb7 11. Nd2 d4 12. Bf2 Bxg2 13. Rg1 Bc6 14. Qc2 g6 15.
O-O-O Bh6 16. Bxg6 hxg6 17. Rxg6 Bxf4 18. Rxe6+ fxe6 19. Qg6+ Kf8 20. Qxe6 Nxe5
21. Rf1 Bxd2+ 22. Kxd2 Nf3+ 23. Kc2 Qe7 24. Qxc6 Qe2+ 25. Kb3 Rb8+ 26. Ka4
Qxc4+ 0-1

[Event "XIV MIEDZYNARODOWY FESTIWAL SZACHOWY PER"]
[Site "LAZY"]
[Date "2018.06.29"]
[Round "6.27"]
[White "Saweczko, Tomasz"]
[Black "Topola, Rafal"]
[Result "1-0"]
[WhiteElo "1615"]
[BlackElo "1570"]
[PlyCount "111"]
[EventDate "2018.??.??"]

1. e4 c5 2. Nc3 e6 3. f4 d5 4. e5 Nc6 5. Bb5 Bd7 6. Nf3 a6 7. Bxc6 Bxc6 8. d4
Nh6 9. Be3 Nf5 10. Bf2 Qb6 11. Rb1 cxd4 12. Nxd4 Bc5 13. Nce2 Nxd4 14. Bxd4
Qa5+ 15. Nc3 Qb6 16. Bxc5 Qxc5 17. Ne2 Qa5+ 18. Nc3 Rd8 19. Qd4 h5 20. O-O Rh6
21. Rbd1 Rg6 22. Rf2 Rc8 23. h3 Bb5 24. f5 exf5 25. b4 Qd8 26. Nxb5 axb5 27.
Qd3 Qd7 28. Rxf5 Rc4 29. Rxh5 Qc6 30. Rh8+ Ke7 31. Rd2 Rc3 32. Qd4 Rc4 33. Qa7
Rxc2 34. Rxc2 Qxc2 35. Qxb7+ Ke6 36. Re8+ Kf5 37. Qxf7+ Kg5 38. h4+ Kxh4 39.
Qf4+ Kh5 40. Rh8+ Rh6 41. Rxh6+ gxh6 42. Qf3+ Kg5 43. Qf6+ Kh5 44. Qf7+ Kh4 45.
Qf6+ Kh5 46. Qf3+ Kh4 47. Qf2+ Qxf2+ 48. Kxf2 Kg5 49. Ke3 h5 50. Kd4 h4 51.
Kxd5 Kg4 52. e6 Kg3 53. e7 Kxg2 54. e8=Q h3 55. Qh8 h2 56. Qxh2+ 1-0

[Event "XIV MIEDZYNARODOWY FESTIWAL SZACHOWY PER"]
[Site "LAZY"]
[Date "2018.06.30"]
[Round "7.1"]
[White "Chomczyk, Marek"]
[Black "Karpus, Michal"]
[Result "1/2-1/2"]
[WhiteElo "2247"]
[BlackElo "2364"]
[PlyCount "76"]
[EventDate "2018.??.??"]

1. e4 e5 2. Nf3 Nc6 3. Bb5 a6 4. Bxc6 dxc6 5. O-O f6 6. d4 Bg4 7. c3 Bd6 8. Be3
Ne7 9. Nbd2 Qd7 10. h3 Bh5 11. Nxe5 Bxd1 12. Nxd7 Bh5 13. Nc5 Bxc5 14. dxc5
O-O-O 15. f3 Rhe8 16. Kf2 f5 17. g4 fxg4 18. hxg4 Bf7 19. Rh1 h6 20. Nf1 Ng6
21. Ng3 Ne5 22. Nf5 g6 23. Nxh6 Be6 24. Bd4 Nd3+ 25. Kg3 Nxb2 26. g5 Na4 27.
Ng4 b6 28. cxb6 cxb6 29. Bf6 Rd2 30. Rad1 Rxd1 31. Rxd1 Bxa2 32. Rd2 Bb3 33.
Ne5 Nc5 34. Nxg6 a5 35. Ne7+ Kc7 36. g6 a4 37. c4 Nd7 38. e5 Bxc4 1/2-1/2

[Event "XIV MIEDZYNARODOWY FESTIWAL SZACHOWY PER"]
[Site "LAZY"]
[Date "2018.06.30"]
[Round "7.2"]
[White "Klepek, Witold"]
[Black "Luba, Lukasz"]
[WhiteElo "2132"]
[BlackElo "2094"]
[PlyCount "56"]
[EventDate "2018.??.??"]

1. e4 c6 2. d4 d5 3. Nc3 dxe4 4. Nxe4 Bf5 5. Ng3 Bg6 6. h4 h6 7. Nf3 Nd7 8. h5
Bh7 9. Bd3 Bxd3 10. Qxd3 Qc7 11. Bd2 e6 12. O-O-O O-O-O 13. Ne4 Ngf6 14. c4 Be7
15. Kb1 Kb8 16. g3 e5 17. Nxf6 Bxf6 18. Qf5 Qc8 19. Bc3 exd4 20. Nxd4 Ne5 21.
Qf4 Ka8 22. b3 Rhe8 23. Rhe1 Rd7 24. Kc2 Bg5 25. Qe4 c5 26. Nb5 Rxd1 27. Rxd1
Ng4 28. Qxe8 Qxe8 1-0

[Event "XIV MIEDZYNARODOWY FESTIWAL SZACHOWY PER"]
[Site "LAZY"]
[Date "2018.06.30"]
[Round "7.3"]
[White "Hilarecki, Grzegorz"]
[Black "Cieslak, Wiktoria"]
[WhiteElo "2023"]
[BlackElo "1931"]
[PlyCount "100"]
[EventDate "2018.??.??"]

1. d4 Nf6 2. c4 e6 3. Nc3 Bb4 4. Nf3 b6 5. Bg5 Bb7 6. e3 O-O 7. Bd3 c5 8. O-O
cxd4 9. exd4 d5 10. Qe2 Nbd7 11. Ne5 Be7 12. Rad1 Rc8 13. Rfe1 Re8 14. cxd5
Nxe5 15. dxe5 Nxd5 16. Bxe7 Qxe7 17. Qe4 g6 18. Nb5 Nc3 19. Qf4 Nxd1 20. Rxd1
Red8 21. Nd6 Rc5 22. Be4 Bxe4 23. Qxe4 Rxd6 24. exd6 Qxd6 25. Qe2 Rd5 26. Rc1
Rd2 27. Qf3 Rxb2 28. h4 Rd2 29. h5 Qd8 30. g3 gxh5 31. Qxh5 Rd5 32. Qf3 a5 33.
Kh2 Qg5 34. Rc8+ Kg7 35. Qc3+ Qe5 36. Qa3 Rc5 37. Re8 Qe2 38. Kg2 Qb5 39. Rb8
Qc6+ 40. Qf3 Qxf3+ 41. Kxf3 b5 42. Ke3 b4 43. Ra8 Rd5 44. f4 h5 45. Ke4 Rb5 46.
Kd4 Kg6 47. Rg8+ Kf6 48. Rh8 a4 49. Kc4 b3 50. axb3 axb3 0-1

[Event "XIV MIEDZYNARODOWY FESTIWAL SZACHOWY PER"]
[Site "LAZY"]
[Date "2018.06.30"]
[Round "7.4"]
[White "Majek, Kacper"]
[Black "Krainski, Aleksander"]
[WhiteElo "2034"]
[BlackElo "2203"]
[PlyCount "50"]
[EventDate "2018.??.??"]

1. b3 d5 2. Bb2 Nf6 3. Nf3 e6 4. e3 Nbd7 5. c4 c6 6. d4 b6 7. Nc3 Bb7 8. Be2
Rc8 9. O-O Be7 10. Rc1 O-O 11. h3 Qc7 12. Ne5 Rfd8 13. cxd5 Nxe5 14. Nb5 Qb8
15. dxe5 Nxd5 16. Nd6 Bxd6 17. exd6 Qxd6 18. Rc4 Qe7 19. Bd3 f5 20. Ra4 a5 21.
Qb1 c5 22. Bb5 Qg5 23. h4 Qg6 24. g4 Nb4 25. g5 Qh5 0-1